Pierre and Jean ; (Record no. 2972)

MARC details
000 -LEADER
fixed length control field 01114nac a22002891u 4500
003 - CONTROL NUMBER IDENTIFIER
control field EG-ScBUE
005 - DATE AND TIME OF LATEST TRANSACTION
control field 20220327101851.0
008 - FIXED-LENGTH DATA ELEMENTS--GENERAL INFORMATION
fixed length control field 200219s1902 nyucf f 000 0 eng d
040 ## - CATALOGING SOURCE
Original cataloging agency EG-ScBUE
Language of cataloging eng
Description conventions rda
Transcribing agency EG-ScBUE
Modifying agency EG-ScBUE
082 04 - DEWEY DECIMAL CLASSIFICATION NUMBER
Classification number 843.8
Item number MAU
Edition number 22
100 1# - MAIN ENTRY--PERSONAL NAME
Personal name Maupassant, Guy de,‏
Dates associated with a name 1850-1893,
Relator term author.
245 10 - TITLE STATEMENT
Title Pierre and Jean ;
Statement of responsibility, etc Guy de Maupassant ; translated from the French by Clara Bell ; with a critical introduction by the Earl of Crewe.
264 #1 - PUBLICATION, DISTRIBUTION, ETC. (IMPRINT)
Place of publication, distribution, etc New York :
Name of publisher, distributor, etc P. F. Collier and Son,
Date of publication, distribution, etc 1902.
300 ## - PHYSICAL DESCRIPTION
Extent lxvii, 237 pages :
Other physical details color plates, portraits ;
Dimensions 22 cm.
336 ## - CONTENT TYPE
Source rdacontent
Content type term text
Content type code txt
337 ## - MEDIA TYPE
Source rdamedia
Media type term unmediated
Media type code n
338 ## - CARRIER TYPE
Source rdacarrier
Carrier type term volume
Carrier type code nc
490 0# - SERIES STATEMENT
Series statement The French classical romances
546 ## - LANGUAGE NOTE
Language note Text in English ; translated from the original French.<br/>
650 ## - SUBJECT ADDED ENTRY--TOPICAL TERM
Source of heading or term BUEsh
651 #7 - SUBJECT ADDED ENTRY--GEOGRAPHIC NAME
Geographic name France
General subdivision Social life and customs
Form subdivision Fiction.
Source of heading or term BUEsh
9 (RLIN) 33934
653 ## - INDEX TERM--UNCONTROLLED
Resource For college Generalities
Arrived date list March2022
655 ## - INDEX TERM--GENRE/FORM
Form subdivision Reading book
9 (RLIN) 34232
700 1# - ADDED ENTRY--PERSONAL NAME
Personal name Bell, Clara,
Dates associated with a name 1834-1927,
Relator term translator.
942 ## - ADDED ENTRY ELEMENTS (KOHA)
Koha item type Book - Borrowing
Call number prefix 843.8 MAU
Source of classification or shelving scheme Dewey Decimal Classification
Holdings
Withdrawn status Lost status Source of classification or shelving scheme Damaged status Not for loan Collection code Home library Current library Shelving location Date acquired Source of acquisition Total Checkouts Full call number Barcode Date last seen Date checked out Price effective from Koha item type
    Dewey Decimal Classification     Alahram Central Library Central Library Second Floor 07/03/2014 Purchase 1 843.8 MAU 000001237 15/07/2025 02/01/2013 14/03/2007 Book - Borrowing